| 000 | 00826nam a2200205 i 4500 | ||
|---|---|---|---|
| 001 | 25718 | ||
| 003 | ES-MaACL | ||
| 005 | 20260203063028.0 | ||
| 007 | t| | ||
| 008 | 030102s1882 sp ||||1| spa d | ||
| 100 | 1 |
_aArderius, Francisco, _d1836-1886 _9160066 |
|
| 245 | 1 | 3 |
_aLa ópera española y la zarzuela _b: breves consideraciones hechas sobre el arte lírico-dramático hechas por un antiguo bufo hoy empresario de zarzuela seria / _cFrancisco Arderius. |
| 260 |
_aMadrid : _b[s.n.], _c1882 ( _fEst. Tip. de M.P. Montoya y Compañía) |
||
| 300 |
_a23 p. ; _c22 cm. |
||
| 530 | _aDisponible en formato digital. | ||
| 852 |
_aES-MaACL _jT-354-F-3 |
||
| 852 |
_aES-MaACL _jT-376-F-24 |
||
| 856 |
_uhttp://bdh-rd.bne.es/viewer.vm?id=0000061423&page=1 _zBiblioteca Digital Hispánica |
||
| 999 |
_c25718 _d25718 |
||